Á lódáil...
Rhetoric made plain. /
| Príomhúdar: | |
|---|---|
| Údair Eile: | |
| Teanga: | Undetermined |
| Foilsithe: |
New York :
Harcourt Brace Jovanovich ,
1974.
|
| Ábhair: |
| LEADER | 00523nam a2200157Ia 4500 | ||
|---|---|---|---|
| 001 | 128093 | ||
| 008 | 170722s9999 xx 000 0 und d | ||
| 100 | |a Winkler, Anthonyc | ||
| 245 | |a Rhetoric made plain. / | ||
| 260 | |a New York : |b Harcourt Brace Jovanovich , |c 1974. | ||
| 300 | |a xii+324 |c 23.5cms | ||
| 653 | |a Figure of Speech, Imagery, English | ||
| 700 | |a Mccuen, Joray. | ||
| 942 | |c GEN | ||
| 999 | |c 160278 |d 160278 | ||
| 952 | |0 0 |1 0 |4 0 |6 P_75_L4RV |7 0 |8 RV |9 224078 |a LIB |b LIB |d 2017-08-12 |o P-:75 L4(RV) |p G14689 |r 2017-08-12 |w 2017-08-12 |y GEN | ||